Countries with the largest Jewish Population - Statistics

General Stats
  • This quiz has been taken 1,158 times
    1,150 since last reset
  • The average score is 11 of 15
Answer Stats
Hint Answer % Correct
#1 United States
99%
#2 Israel
98%
#3 France
93%
#4 Canada
92%
# Germany
91%
# Russia
90%
#10 Italy
80%
#11 Australia
76%
#12 Brazil
75%
#8 Argentina
74%
#9 Ukraine
70%
# United Kingdom
68%
#15 Hungary
49%
#13 South Africa
48%
#14 Belarus
44%
No matching quizzes found
Score Distribution
Percent of People with Each Score
Percentile by Number Answered
Your Score History
You have not taken this quiz since the last reset